<?xml version="1.0" encoding="UTF-8"?><?xml-stylesheet type="text/xsl" href="static/style.xsl"?><OAI-PMH xmlns="http://www.openarchives.org/OAI/2.0/" xmlns:xsi="http://www.w3.org/2001/XMLSchema-instance" xsi:schemaLocation="http://www.openarchives.org/OAI/2.0/ http://www.openarchives.org/OAI/2.0/OAI-PMH.xsd"><responseDate>2026-06-03T22:31:23Z</responseDate><request verb="GetRecord" identifier="oai:riuma.uma.es:10630/40445" metadataPrefix="marc">https://riuma.uma.es/rest/oai/request</request><GetRecord><record><header><identifier>oai:riuma.uma.es:10630/40445</identifier><datestamp>2026-02-03T11:38:46Z</datestamp><setSpec>com_10630_2254</setSpec><setSpec>col_10630_37956</setSpec></header><metadata><record xmlns="http://www.loc.gov/MARC21/slim" xmlns:dcterms="http://purl.org/dc/terms/" xmlns:doc="http://www.lyncode.com/xoai" xmlns:xsi="http://www.w3.org/2001/XMLSchema-instance" xsi:schemaLocation="http://www.loc.gov/MARC21/slim http://www.loc.gov/standards/marcxml/schema/MARC21slim.xsd">
   <leader>00925njm 22002777a 4500</leader>
   <datafield ind2=" " ind1=" " tag="042">
      <subfield code="a">dc</subfield>
   </datafield>
   <datafield ind2=" " ind1=" " tag="720">
      <subfield code="a">Algaba-Ros, Silvia</subfield>
      <subfield code="e">author</subfield>
   </datafield>
   <datafield ind2=" " ind1=" " tag="260">
      <subfield code="c">2020</subfield>
   </datafield>
   <datafield ind2=" " ind1=" " tag="520">
      <subfield code="a">El panorama jurídico actual es complejo dado la abundancia de criterios jurisprudenciales que lejos de clarificarlo lo hacen cada vez más confuso; de hecho se está produciendo una actividad supuestamente creadora del derecho por la jurisprudencia en un sistema legalista que no ha previsto los adecuados mecanismos de control. Uno de los campos en los que se observa esta tendencia jurisprudencial es el de la “solidaridad impropia” donde encontramos una construcción jurídica que ha sido y está siendo elaborada por los tribunales proyectándose principalmente en la responsabilidad civil extracontractual y cuya aplicación práctica es incontestable. Ahora bien su uso determina una relectura de la solidaridad que quizá pueda trasladarse a otros horizontes y en concreto nos lleva a analizar la posible extensión del régimen de la solidaridad impropia a la responsabilidad civil contractual en general, a falta de previsión legal o convencional.</subfield>
   </datafield>
   <datafield ind1="8" ind2=" " tag="024">
      <subfield code="a">"Función de las condiciones en el tráfico inmobiliario",  CAÑIZARES LASO, Ana (dir.) y DIEGUEZ OLIVA, Rocío (coord.), edit. Tirant Lo Blanch, Valencia 2020 (ISBN 978-84-1336-368-4), pp.285-326</subfield>
   </datafield>
   <datafield ind1="8" ind2=" " tag="024">
      <subfield code="a">https://hdl.handle.net/10630/40445</subfield>
   </datafield>
   <datafield ind1="8" ind2=" " tag="024">
      <subfield code="a">10.36151/TLB_9788413363684</subfield>
   </datafield>
   <datafield tag="653" ind2=" " ind1=" ">
      <subfield code="a">Contratos</subfield>
   </datafield>
   <datafield tag="653" ind2=" " ind1=" ">
      <subfield code="a">Obligaciones (Derecho)</subfield>
   </datafield>
   <datafield ind2="0" ind1="0" tag="245">
      <subfield code="a">Solidaridad impropia y responsabilidad civil contractual.</subfield>
   </datafield>
</record>
</metadata></record></GetRecord></OAI-PMH>